| 000 | 00483nam a2200157Ia 4500 | ||
|---|---|---|---|
| 008 | 181130s2018 xx 000 0 und d | ||
| 100 | _aVaidyanathan, Vivek | ||
| 245 |
_aUrban transport planning in Bengaluru _ba polycentric governance system |
||
| 260 | _c2018 | ||
| 300 | _ap.50-56. | ||
| 504 | _d21-Apr | ||
| 650 | _aUrban transport - India - Bengaluru | ||
| 700 | _aRathi, Sujaya | ||
| 773 | _aEconomic and Political Weekly | ||
| 906 | _aUrban transport - India - Bengaluru | ||
| 999 |
_c506184 _d506184 |
||